Mimpi Kita Serupa

Bibliographic Details
Main Author: Siti Hazneza Abd.Hamid
Format: Book
Published: Kuala Lumpur : Creative Enterprise Sdn.Bhd. , 2005
Subjects:

MARC

LEADER 00000cam a2200000 7i4500
001 0000054631
005 20081231.0
008 081231 bm
020 |a 9838935816 
090 0 0 |a F SIT 
100 1 |a Siti Hazneza Abd.Hamid 
245 1 0 |a Mimpi Kita Serupa   |c Siti Hazneza Abd.Hamid 
260 |a Kuala Lumpur :   |b Creative Enterprise Sdn.Bhd. ,   |c 2005 
300 |a 353p. ;   |c 19cm. 
650 0 0 |a Malay Fiction 
999 |a 265223   |b Buku   |c Rak Terbuka   |e Perpustakaan Sekolah Henrey Gurney 
999 |a 265224   |b Buku   |c Rak Terbuka   |e Perbadanan Perpustakaan Awam Melaka 
999 |a 319590   |b Buku   |c Rak Terbuka   |e Perpustakaan Cawangan Masjid Tanah 
999 |a 319591   |b Buku   |c Rak Terbuka   |e Perpustakaan Cawangan Masjid Tanah